000
00287nam a2200109Ia 4500
005
20251222144731.0
008
251222s9999||||xx |||||||||||||| ||spa||
082
_a
238.2/A49
100
_a
Alvarez, F.
245
0
_a
Morir con dignidad: Acercamiento a la muerte y al moribundo
942
_c
LIB
999
_c
18609
_d
18609